000 00511nam a2200193 i 4500
001 63538
003 ES-MaACL
007 t|
008 031211s1981 sp ||||1| spa d
100 1 _aFerrero, José H.
_950550
245 1 0 _aTratado de hidráulica /
_cJose H. Ferrero.
250 _a[1ª ed.].
260 _aMadrid :
_bAlhambra,
_c[1981]
300 _aVII, 515 p. :
_bil. ;
_c23 cm.
490 1 _aZairos
830 0 _aZairos
_9181794
852 _aES-MaACL
_jL-574
_bR.101229
999 _c63538
_d63538